000 00292nam a2200109 4500
008 160622b xxu||||| |||| 00| 0 eng d
100 _9554
_aArora, P, N
245 _a2 Plus 2 Composite Mathematics
260 _aN.D
_b Navdeep
_c1998
300 _a2 Plus 2 Composite Mathematics
942 _2ddc
_cBK
999 _c464
_d464